Statistics for Geography Next in Line #1

Click here to take the quiz!

General Stats

  • This quiz has been taken 255 times
  • The average score is 19 of 24

Answer Stats

HintAnswer% Correct
Country that annexed TibetChina
98%
Country that took control of Macau from Portugal in 1999China
98%
Country whose capital is SeoulSouth Korea
94%
Country with its largest island being HonshuJapan
93%
Country that hosts OktoberfestGermany
91%
Country whose capital is AmsterdamNetherlands
91%
Country bordering MonacoFrance
90%
Country across the gibraltar strait from SpainMorocco
88%
Country home to the Great Bear LakeCanada
87%
Enclave of South AfricaLesotho
85%
Only Asian country that borders three oceansRussia
85%
Country that made Ethiopia landlocked in 1991Eritrea
83%
Country with the Mekong river DeltaVietnam
82%
Country home to Has Rafun, the eastern most point in AfricaSomalia
80%
Country home to the tallest waterfall on earthVenezuela
79%
Next country in the patternU.S.A (Sorted by size)
77%
Country also known as the Holy SeeVatican City
74%
Country with the lowest point in AfricaDjibouti
73%
Countries whose capital is WindhoekNamibia
68%
Country next in the patternEthiopia (Countries on the horn of Africa)
65%
Next country in the patternTaiwan (Countries that border the East China Sea)
64%
Next country in the patternVanuatu (Countries starting with V)
62%
Next country in the patternLuxembourg (Countries that border Belgium
58%
Next Country in the patternOman (Countries by first letter alphabetically)
42%

Score Distribution

Percentile by Number Answered

Percent of People with Each Score

Your Score History

You have not taken this quiz